[Event "Managua Arellano Memorial"]
[Site "Managua"]
[Date "2023.08.05"]
[Round "7"]
[White "Vallecillo, Saul"]
[Black "Pilarte Castro, Rene Ozmar"]
[Result "1-0"]
[WhiteElo "1893"]
[BlackElo "1583"]
[PlyCount "108"]
[EventDate "2023.07.22"]
[EventType "swiss"]
[EventRounds "9"]
[EventCountry "NCA"]
[SourceTitle "EXT 2024"]
[Source "ChessBase"]
[SourceDate "2023.10.10"]
[SourceVersion "1"]
[SourceVersionDate "2023.10.10"]
[SourceQuality "1"]

1. e4 e5 2. Nf3 Nc6 3. Bc4 Nf6 4. Ng5 d5 5. exd5 b5 6. Bf1 Nd4 7. c3 Nxd5 8. cxd4 Qxg5 9. Bxb5+ Kd8 10. Qf3 Bb7 11. 0-0 Rb8 12. d3 Nf4 13. Bxf4 exf4 14. Bc6 Bxc6 15. Qxc6 Qb5 16. Qxb5 Rxb5 17. b3 Rd5 18. Nc3 Rxd4 19. Nb5 Rxd3 20. Nxa7 Bd6 21. Nb5 Kd7 22. Rfd1 Rxd1+ 23. Rxd1 Re8 24. Nxd6 cxd6 25. Kf1 Re5 26. Rc1 h5 27. g3 fxg3 28. hxg3 g5 29. Rc4 d5 30. Ra4 Kc6 31. Ra6+ Kb5 32. Rf6 d4 33. Rxf7 Kc6 34. f4 gxf4 35. Rxf4 Kd5 36. Rf8 d3 37. Rd8+ Ke4 38. Ke1 Kf3+ 39. Kd2 Re2+ 40. Kxd3 Rxa2 41. Rg8 Rg2 42. b4 Rxg3 43. Rxg3+ Kxg3 44. b5 h4 45. b6 h3 46. b7 h2 47. b8Q+ Kg2 48. Ke2 h1Q 49. Qg8+ Kh3 50. Qh7+ Kg2 51. Qg6+ Kh3 52. Qh5+ Kg2 53. Qg4+ Kh2 54. Kf2 Qf3+ 1-0

[Event "American Continental 16th"]
[Site "San Salvador"]
[Date "2022.05.05"]
[Round "5"]
[White "Pilarte Castro, Rene Ozmar"]
[Black "Castillo, Carlos Emilio"]
[Result "1-0"]
[WhiteElo "1497"]
[BlackElo "1407"]
[PlyCount "96"]
[EventDate "2022.05.02"]
[EventType "swiss"]
[EventRounds "11"]
[EventCountry "ESA"]
[SourceTitle "CBM 208 Extra"]
[Source "ChessBase"]
[SourceDate "2022.07.31"]
[SourceVersion "1"]
[SourceVersionDate "2022.07.31"]
[SourceQuality "1"]

1. e4 d6 2. c4 Nf6 3. Nc3 g6 4. g3 Bg7 5. Bg2 0-0 6. Nge2 e5 7. 0-0 Nc6 8. d3 Bg4 9. h3 Be6 10. Be3 Qd7 11. Kh2 Ne8 12. f4 f5 13. Qd2 a6 14. b3 Rd8 15. Rac1 b6 16. d4 exd4 17. Nxd4 Nxd4 18. Bxd4 Nf6 19. Rfe1 Rfe8 20. Rcd1 Qf7 21. Qc2 Kh8 22. e5 dxe5 23. Bxe5 Nh5 24. Rxd8 Rxd8 25. Bxc7 Re8 26. Bxb6 Nf6 27. Bd4 h5 28. Nd5 h4 29. Bxf6 hxg3+ 30. Kxg3 Bxf6 31. Nxf6 Qxf6 32. Bd5 g5 33. Rxe6 gxf4+ 34. Kf3 Rxe6 35. Bxe6 Qxe6 36. Kxf4 Qh6+ 37. Ke5 Qg7+ 38. Kd6 Qf6+ 39. Kc5 Qe5+ 40. Kb6 Qd6+ 41. Ka7 Qc5+ 42. Kxa6 Qc6+ 43. Ka5 Qc5+ 44. Ka4 Qa7+ 45. Kb4 Qb6+ 46. Ka3 Qd6+ 47. Kb2 Qf4 48. c5 Qf3 1-0

[Event "American Continental 16th"]
[Site "San Salvador"]
[Date "2022.05.03"]
[Round "2"]
[White "Godoy Cano, Miguel Angel"]
[Black "Pilarte Castro, Rene Ozmar"]
[Result "1-0"]
[WhiteElo "1853"]
[BlackElo "1497"]
[PlyCount "79"]
[EventDate "2022.05.02"]
[EventType "swiss"]
[EventRounds "11"]
[EventCountry "ESA"]
[SourceTitle "EXT 2023"]
[Source "ChessBase"]
[SourceDate "2022.10.05"]
[SourceVersion "1"]
[SourceVersionDate "2022.10.05"]
[SourceQuality "1"]

1. e4 c5 2. Nf3 Nc6 3. d4 cxd4 4. Nxd4 g6 5. Nc3 Bg7 6. Be3 Nf6 7. Be2 0-0 8. Qd2 d5 9. exd5 Nxd5 10. Nxd5 Qxd5 11. Bf3 Qa5 12. Nxc6 Qxd2+ 13. Bxd2 bxc6 14. 0-0 Rb8 15. Rab1 Bf5 16. b3 Bxc2 17. Rbc1 Bf5 18. Rxc6 Rfc8 19. Rfc1 Rxc6 20. Rxc6 Rc8 21. Be3 Rxc6 22. Bxc6 a6 23. b4 Be5 24. a4 Bc2 25. Bc5 Kf8 26. g3 Bc7 27. Kg2 a5 28. Kf3 axb4 29. Bxb4 Bd3 30. Ke3 Ba6 31. Kd4 Bd6 32. Bc5 e5+ 33. Kd5 Bxc5 34. Kxc5 Ke7 35. Kb6 Kd6 36. Bb7 Bd3 37. a5 f5 38. a6 Bxa6 39. Bxa6 e4 40. h4 1-0

[Event "Managua Bayardo Muniz Memorial 4th"]
[Site "Managua"]
[Date "2022.03.20"]
[Round "8"]
[White "Flores, Manuel"]
[Black "Pilarte Castro, Rene Ozmar"]
[Result "1-0"]
[WhiteElo "1860"]
[BlackElo "1415"]
[PlyCount "110"]
[EventDate "2022.03.05"]
[EventType "tourn"]
[EventRounds "9"]
[EventCountry "NCA"]
[SourceTitle "EXT 2023"]
[Source "ChessBase"]
[SourceDate "2022.10.05"]
[SourceVersion "1"]
[SourceVersionDate "2022.10.05"]
[SourceQuality "1"]

1. d4 d5 2. c4 c6 3. Nc3 Nf6 4. Nf3 a6 5. a4 Bf5 6. Bf4 e6 7. e3 Bb4 8. Bd3 Ne4 9. Qc2 Qa5 10. 0-0 Bxc3 11. bxc3 Qxc3 12. cxd5 Qxc2 13. Bxc2 cxd5 14. Rfb1 0-0 15. Rxb7 Nc6 16. Bd3 a5 17. Ne5 Nb4 18. Bb5 Nd6 19. Rb6 Nxb5 20. axb5 a4 21. Nc6 Nxc6 22. bxc6 a3 23. Bd6 Rfc8 24. Rxa3 Rxa3 25. Bxa3 f6 26. Bd6 Bg6 27. c7 Be8 28. f3 Bd7 29. e4 Kf7 30. Rb8 h5 31. Kf2 Ke8 32. Ke3 Kf7 33. Kd3 Ke8 34. Kc3 g6 35. Kb4 dxe4 36. fxe4 f5 37. e5 g5 38. Kc5 g4 39. Kb6 f4 40. Bb4 Kf7 41. Kb7 Re8 42. Rxe8 Kxe8 43. Be1 Kf7 44. g3 f3 45. Bf2 Kg6 46. c8Q Bxc8+ 47. Kxc8 Kf5 48. Kd7 Ke4 49. Kxe6 Kd3 50. Kd7 Ke2 51. Bg1 f2 52. Bxf2 Kxf2 53. e6 Kg2 54. e7 Kxh2 55. e8Q Kxg3 1-0

[Event "Managua Bayardo Muniz Memorial 4th"]
[Site "Managua"]
[Date "2022.03.19"]
[Round "7"]
[White "Pilarte Castro, Rene Ozmar"]
[Black "Izaba, Rodolfo"]
[Result "1-0"]
[WhiteElo "1415"]
[BlackElo "2037"]
[PlyCount "71"]
[EventDate "2022.03.05"]
[EventType "tourn"]
[EventRounds "9"]
[EventCountry "NCA"]
[SourceTitle "EXT 2023"]
[Source "ChessBase"]
[SourceDate "2022.10.05"]
[SourceVersion "1"]
[SourceVersionDate "2022.10.05"]
[SourceQuality "1"]

1. e4 e5 2. Nf3 Nc6 3. Bc4 Be7 4. d4 d6 5. dxe5 dxe5 6. Qxd8+ Bxd8 7. Nc3 Bg4 8. Ng5 Bh5 9. Be3 Nd4 10. Bd3 c6 11. f3 Nf6 12. 0-0-0 Nd7 13. Rhe1 a5 14. a4 Nb6 15. Bf1 0-0 16. Kb1 Bg6 17. Nh3 Ne6 18. Rxd8 Rfxd8 19. Bxb6 Rd7 20. Kc1 Nd4 21. Bc4 Kh8 22. Nf2 f6 23. Nd3 Bf7 24. Bxf7 Rxf7 25. Ne2 Ne6 26. Rd1 Rd7 27. Nc5 Nxc5 28. Bxc5 Rxd1+ 29. Kxd1 Kg8 30. Nc3 Kf7 31. Ke2 b5 32. axb5 cxb5 33. Nxb5 Rb8 34. Nd6+ Ke6 35. Ba3 Rd8 36. Nb7 1-0

[Event "Managua Bayardo Muniz Memorial 4th"]
[Site "Managua"]
[Date "2022.03.13"]
[Round "5"]
[White "Vanegas Lopez, Natanael Emanuel"]
[Black "Pilarte Castro, Rene Ozmar"]
[Result "1/2-1/2"]
[WhiteElo "1893"]
[BlackElo "1415"]
[PlyCount "67"]
[EventDate "2022.03.05"]
[EventType "tourn"]
[EventRounds "9"]
[EventCountry "NCA"]
[SourceTitle "EXT 2023"]
[Source "ChessBase"]
[SourceDate "2022.10.05"]
[SourceVersion "1"]
[SourceVersionDate "2022.10.05"]
[SourceQuality "1"]

1. d4 d5 2. c4 c6 3. Nf3 Nf6 4. Nc3 a6 5. cxd5 cxd5 6. e3 Bf5 7. Bd3 Bxd3 8. Qxd3 e6 9. 0-0 Be7 10. e4 dxe4 11. Nxe4 0-0 12. Bf4 Nc6 13. a3 Nxe4 14. Qxe4 Bf6 15. Rfd1 Qd5 16. Qxd5 exd5 17. Rac1 Rfe8 18. Kf1 Rac8 19. Rc5 Rcd8 20. Bc7 Rd7 21. Be5 Be7 22. Rc2 Bd6 23. b4 f6 24. Bxd6 Rxd6 25. Rc5 Kf7 26. Nh4 g6 27. Nf3 h5 28. h3 Rd7 29. b5 axb5 30. Rxb5 Ra8 31. Rd3 Na5 32. Nd2 Nc4 33. Nxc4 dxc4 34. Rc3 1/2-1/2

[Event "NCA-ch Fase 2"]
[Site "Managua"]
[Date "2022.02.05"]
[Round "7"]
[White "Granados Ortiz, Maria Jose"]
[Black "Pilarte Castro, Rene Ozmar"]
[Result "1-0"]
[WhiteElo "1708"]
[BlackElo "1289"]
[PlyCount "53"]
[EventDate "2022.01.22"]
[EventType "swiss"]
[EventRounds "9"]
[EventCountry "NCA"]
[SourceTitle "CBM 207 Extra"]
[Source "ChessBase"]
[SourceDate "2022.05.31"]
[SourceVersion "1"]
[SourceVersionDate "2022.05.31"]
[SourceQuality "1"]

1. e4 c5 2. Nf3 e6 3. d4 cxd4 4. Nxd4 Nf6 5. Nc3 Nc6 6. Ndb5 d6 7. Bf4 e5 8. Bg5 a6 9. Na3 b5 10. Bxf6 gxf6 11. Nd5 Be6 12. c3 Rc8 13. Nc2 Be7 14. Nce3 0-0 15. Nf5 Bxf5 16. exf5 Kh8 17. Qd2 Rg8 18. g3 b4 19. Bxa6 bxc3 20. bxc3 Rb8 21. 0-0 Qd7 22. Bd3 Na5 23. Rab1 Nb7 24. Bb5 Qd8 25. Bc6 Na5 26. Rxb8 Qxb8 27. Nxe7 1-0

[Event "NCA-ch Fase 2"]
[Site "Managua"]
[Date "2022.01.23"]
[Round "2"]
[White "Vallecillo, Saul"]
[Black "Pilarte Castro, Rene Ozmar"]
[Result "1-0"]
[WhiteElo "1836"]
[BlackElo "1289"]
[PlyCount "85"]
[EventDate "2022.01.22"]
[EventType "swiss"]
[EventRounds "9"]
[EventCountry "NCA"]
[SourceTitle "CBM 207 Extra"]
[Source "ChessBase"]
[SourceDate "2022.05.31"]
[SourceVersion "1"]
[SourceVersionDate "2022.05.31"]
[SourceQuality "1"]

1. e4 g6 2. d4 Bg7 3. Nf3 b6 4. g3 Bb7 5. Nc3 e6 6. Bg2 d6 7. 0-0 Ne7 8. Be3 Nd7 9. Qd2 h6 10. Ne1 a6 11. Rd1 b5 12. Nd3 Nb6 13. b3 h5 14. f4 0-0 15. Nf2 d5 16. e5 Nf5 17. g4 Nxe3 18. Qxe3 hxg4 19. Nxg4 Qh4 20. Bf3 Bh6 21. Nf6+ Kg7 22. Bg4 Nd7 23. Nxd7 Qxg4+ 24. Qg3 Qxg3+ 25. hxg3 Rh8 26. g4 Kg8 27. Nf6+ Kf8 28. Rd2 Ke7 29. Rff2 Bg7 30. g5 c5 31. Rh2 cxd4 32. Rxh8 Rxh8 33. Rxd4 Bxf6 34. gxf6+ Kd7 35. Ne2 Rc8 36. Rd2 Rg8 37. Nd4 Kc7 38. Rh2 Kb6 39. Rh7 Rf8 40. b4 Bc6 41. Kf2 Be8 42. Kg3 Kc7 43. Nxe6+ 1-0

[Event "Managua Hurtado Memorial op"]
[Site "Managua"]
[Date "2021.12.27"]
[Round "2"]
[White "Pilarte Castro, Rene Ozmar"]
[Black "Salgado, Wilbert"]
[Result "0-1"]
[WhiteElo "1289"]
[BlackElo "1601"]
[PlyCount "88"]
[EventDate "2021.12.26"]
[EventType "swiss"]
[EventRounds "9"]
[EventCountry "NCA"]
[SourceTitle "CBM 206 Extra"]
[Source "ChessBase"]
[SourceDate "2022.03.31"]
[SourceVersion "1"]
[SourceVersionDate "2022.03.31"]
[SourceQuality "1"]

1. c4 e6 2. Nf3 d5 3. b3 c5 4. g3 Qf6 5. d4 dxc4 6. Bb2 cxb3 7. Qxb3 Nc6 8. dxc5 Qe7 9. Bg2 Qxc5 10. 0-0 Nf6 11. Ba3 Qd5 12. Bxf8 Qxb3 13. axb3 Rxf8 14. Na3 a6 15. Nc4 Ke7 16. Nb6 Rb8 17. Nd2 Rd8 18. Ndc4 Nd4 19. e4 Nxb3 20. Ra3 Nc5 21. e5 Nd5 22. Bxd5 exd5 23. Nd6 Be6 24. Rc3 Rxd6 25. exd6+ Kxd6 26. Rfc1 Ne4 27. Rd3 Nf6 28. Kg2 Nd7 29. Nxd7 Kxd7 30. Rdc3 Kd6 31. f4 a5 32. Kf2 Bd7 33. Ke3 Bc6 34. Kd4 Re8 35. Re3 Ra8 36. Ra3 a4 37. Rb1 f5 38. Rb2 Re8 39. Rba2 b5 40. Rb2 Re4+ 41. Kd3 b4 42. Ra1 a3 43. Rb3 Bb5+ 44. Kd2 Re2+ 0-1

[Event "NCA-ch U20"]
[Site "Managua"]
[Date "2021.06.26"]
[Round "1"]
[White "Pilarte Castro, Rene Ozmar"]
[Black "Espinoza Solano, Jose Nahum"]
[Result "0-1"]
[WhiteElo "1292"]
[BlackElo "2114"]
[PlyCount "70"]
[EventDate "2021.06.26"]
[EventType "swiss"]
[EventRounds "9"]
[EventCountry "NCA"]
[SourceTitle "EXT 2022"]
[Source "ChessBase"]
[SourceDate "2021.10.06"]
[SourceVersion "1"]
[SourceVersionDate "2021.10.06"]
[SourceQuality "1"]

1. e4 e5 2. Nf3 Nc6 3. Nc3 Nf6 4. d4 exd4 5. Nxd4 Bb4 6. Nxc6 bxc6 7. Bd3 d5 8. 0-0 0-0 9. exd5 cxd5 10. Bg5 c6 11. Qf3 Be7 12. h3 h6 13. Bh4 Rb8 14. b3 Rb4 15. Bg3 Bd6 16. Bxd6 Qxd6 17. Na4 Rf4 18. Qg3 Nh5 19. Qh2 Qf6 20. g3 Rb4 21. c3 Rb8 22. Be2 g6 23. Bxh5 gxh5 24. g4 Ba6 25. Rfe1 hxg4 26. hxg4 Rbe8 27. Qh5 Bc8 28. Kg2 Kh7 29. Rxe8 Rxe8 30. Qh3 Bxg4 31. Qd3+ Bf5 32. Qd4 Qg5+ 33. Kf3 Qh5+ 34. Kg2 Qh3+ 35. Kg1 Rg8+ 0-1

[Event "NCA-ch sf"]
[Site "Managua"]
[Date "2021.02.27"]
[Round "7"]
[White "Salazar Cabezas, Alberto Javier"]
[Black "Pilarte Castro, Rene Ozmar"]
[Result "1/2-1/2"]
[WhiteElo "2107"]
[BlackElo "2069"]
[PlyCount "96"]
[EventDate "2021.02.13"]
[EventType "swiss"]
[EventRounds "9"]
[EventCountry "NCA"]
[SourceTitle "EXT 2022"]
[Source "ChessBase"]
[SourceDate "2021.10.06"]
[SourceVersion "1"]
[SourceVersionDate "2021.10.06"]
[SourceQuality "1"]

1. Nf3 d5 2. e3 Nf6 3. c4 c6 4. Nc3 Bf5 5. cxd5 cxd5 6. Qb3 Bc8 7. d4 e6 8. Bd3 Nc6 9. 0-0 a6 10. Rd1 Be7 11. e4 dxe4 12. Nxe4 0-0 13. Nc3 b5 14. a4 b4 15. Ne4 Bb7 16. Be3 Nxe4 17. Bxe4 Na5 18. Qd3 Bxe4 19. Qxe4 Nb3 20. Rab1 Qd5 21. Qxd5 exd5 22. Nd2 Na5 23. Rbc1 Rfc8 24. Kf1 Nc4 25. Rb1 Bd6 26. Ke2 Rab8 27. Rdc1 b3 28. Rc3 Bb4 29. Rxb3 Bxd2 30. Rxb8 Rxb8 31. Bxd2 Rxb2 32. Rxb2 Nxb2 33. a5 Kf8 34. Bb4+ Ke8 35. Kf3 Kd7 36. Bf8 g6 37. Kg4 Ke6 38. Kg5 h5 39. f3 Nc4 40. Bb4 Ne3 41. g4 hxg4 42. fxg4 f5 43. gxf5+ Nxf5 44. Kxg6 Nxd4 45. h4 Nf5 46. h5 d4 47. h6 Nxh6 48. Kxh6 d3 1/2-1/2

[Event "NCA-ch sf"]
[Site "Managua"]
[Date "2021.02.14"]
[Round "3"]
[White "Pilarte Castro, Rene Ozmar"]
[Black "Castillo Sevilla, Ian Eiffel"]
[Result "1/2-1/2"]
[WhiteElo "2069"]
[BlackElo "1953"]
[PlyCount "47"]
[EventDate "2021.02.13"]
[EventType "swiss"]
[EventRounds "9"]
[EventCountry "NCA"]
[SourceTitle "EXT 2022"]
[Source "ChessBase"]
[SourceDate "2021.10.06"]
[SourceVersion "1"]
[SourceVersionDate "2021.10.06"]
[SourceQuality "1"]

1. d4 Nf6 2. c4 e6 3. Nf3 b6 4. g3 Bb7 5. Bg2 Bb4+ 6. Bd2 Be7 7. Nc3 0-0 8. 0-0 c5 9. d5 exd5 10. Nh4 d6 11. Nf5 Re8 12. Bg5 Nbd7 13. Nxe7+ Qxe7 14. Nxd5 Bxd5 15. Bxd5 Rac8 16. Re1 h6 17. Bf4 Nxd5 18. Qxd5 Nf6 19. Qd3 Rcd8 20. e4 Ng4 21. Rad1 Qf6 22. Qe2 Ne5 23. Bxe5 dxe5 24. Rxd8 1/2-1/2

[Event "Managua Hurtado Memorial 19th"]
[Site "Managua"]
[Date "2019.12.29"]
[Round "7"]
[White "Caballero Sanabria, Danery"]
[Black "Pilarte Castro, Rene Ozmar"]
[Result "1-0"]
[WhiteElo "1296"]
[BlackElo "1299"]
[PlyCount "59"]
[EventDate "2019.12.26"]
[EventType "swiss"]
[EventRounds "9"]
[EventCountry "NCA"]
[SourceTitle "CBM 195 Extra"]
[Source "ChessBase"]
[SourceDate "2020.05.31"]
[SourceVersion "1"]
[SourceVersionDate "2020.05.31"]
[SourceQuality "1"]

1. e4 e5 2. Nf3 Nc6 3. d4 exd4 4. Nxd4 Nxd4 5. Qxd4 d6 6. Nc3 Qf6 7. Be3 Qxd4 8. Bxd4 Bd7 9. Bc4 c5 10. Be3 Nf6 11. f3 Be7 12. 0-0-0 0-0 13. Bb5 a6 14. Bxd7 Nxd7 15. Nd5 Rfe8 16. Nxe7+ Rxe7 17. Rxd6 Rae8 18. Rhd1 Rd8 19. Bxc5 f6 20. Bb6 Nxb6 21. Rxd8+ Kf7 22. R8d6 Nc4 23. Rd7 Ne5 24. Rxe7+ Kxe7 25. Rd5 g5 26. Kd2 Nc4+ 27. Kc3 Ne3 28. Rd2 f5 29. exf5 Nxf5 30. Rd5 1-0

[Event "Managua Hurtado Memorial 19th"]
[Site "Managua"]
[Date "2019.12.27"]
[Round "3"]
[White "Gaitan Rivas, Norlan Miguel"]
[Black "Pilarte Castro, Rene Ozmar"]
[Result "1/2-1/2"]
[WhiteElo "1591"]
[BlackElo "1299"]
[PlyCount "62"]
[EventDate "2019.12.26"]
[EventType "swiss"]
[EventRounds "9"]
[EventCountry "NCA"]
[SourceTitle "CBM 195 Extra"]
[Source "ChessBase"]
[SourceDate "2020.05.31"]
[SourceVersion "1"]
[SourceVersionDate "2020.05.31"]
[SourceQuality "1"]

1. e4 e5 2. Nf3 Nc6 3. Bb5 Nf6 4. d3 a6 5. Ba4 b5 6. Bb3 Na5 7. Nxe5 Nxb3 8. axb3 d6 9. Nc6 Qd7 10. Nd4 c5 11. Nf5 g6 12. Ne3 Bg7 13. Nc3 Bb7 14. 0-0 0-0 15. f4 b4 16. Ne2 Ng4 17. c3 Nxe3 18. Bxe3 f5 19. Qc2 Qe6 20. Ng3 Rae8 21. Ra4 fxe4 22. d4 bxc3 23. bxc3 cxd4 24. cxd4 d5 25. Rb4 Qc6 26. Qd2 a5 27. Rc1 Qxc1+ 28. Qxc1 axb4 29. Kh1 Kh8 30. Kg1 Kg8 31. Kh1 Kh8 1/2-1/2

[Event "Managua Gomez Argenal Memorial 19th"]
[Site "Managua"]
[Date "2019.06.16"]
[Round "9"]
[White "Pilarte Castro, Rene Ozmar"]
[Black "Mendoza Lainez, Ricardo Jose"]
[Result "1-0"]
[WhiteElo "1320"]
[BlackElo "1206"]
[PlyCount "55"]
[EventDate "2019.06.16"]
[EventType "swiss"]
[EventRounds "9"]
[EventCountry "NCA"]
[SourceTitle "EXT 2020"]
[Source "ChessBase"]
[SourceDate "2019.10.17"]
[SourceVersion "1"]
[SourceVersionDate "2019.10.17"]
[SourceQuality "1"]

1. e4 e5 2. Nf3 Nc6 3. Bb5 Bc5 4. 0-0 a6 5. Ba4 Nf6 6. Nc3 0-0 7. a3 Ne7 8. Nxe5 c6 9. Nf3 Ng6 10. d4 Be7 11. e5 Ng4 12. h3 Nh6 13. Bxh6 gxh6 14. Qd2 Bg5 15. Nxg5 hxg5 16. f3 d6 17. exd6 Bxh3 18. Ne4 Nf4 19. gxh3 f6 20. Bb3+ Kg7 21. Qh2 h5 22. Rae1 Qd7 23. h4 Nh3+ 24. Kh1 g4 25. fxg4 hxg4 26. Re3 f5 27. Nc3 Rh8 28. Re7+ 1-0

[Event "Managua Gomez Argenal Memorial 19th"]
[Site "Managua"]
[Date "2019.06.09"]
[Round "6"]
[White "Pilarte Castro, Rene Ozmar"]
[Black "Leyton Calderon, Jairo Oswaldo"]
[Result "1-0"]
[WhiteElo "1320"]
[BlackElo "1543"]
[PlyCount "32"]
[EventDate "2019.06.16"]
[EventType "swiss"]
[EventRounds "9"]
[EventCountry "NCA"]
[SourceTitle "EXT 2020"]
[Source "ChessBase"]
[SourceDate "2019.10.17"]
[SourceVersion "1"]
[SourceVersionDate "2019.10.17"]
[SourceQuality "1"]

1. Nf3 d5 2. b3 Nc6 3. Bb2 Nf6 4. e3 Bg4 5. Be2 Bxf3 6. Bxf3 e5 7. 0-0 Bd6 8. d3 e4 9. dxe4 dxe4 10. Be2 0-0 11. Nd2 Re8 12. Nc4 Re6 13. a3 Qe7 14. Nxd6 Rxd6 15. Qc1 Rad8 16. c4 h6 1-0

[Event "Managua Gomez Argenal Memorial 19th"]
[Site "Managua"]
[Date "2019.06.02"]
[Round "3"]
[White "Pilarte Castro, Rene Ozmar"]
[Black "Allen, Alonso"]
[Result "0-1"]
[WhiteElo "1320"]
[BlackElo "1772"]
[PlyCount "100"]
[EventDate "2019.06.16"]
[EventType "swiss"]
[EventRounds "9"]
[EventCountry "NCA"]
[SourceTitle "EXT 2020"]
[Source "ChessBase"]
[SourceDate "2019.10.17"]
[SourceVersion "1"]
[SourceVersionDate "2019.10.17"]
[SourceQuality "1"]

1. e4 Nf6 2. Nc3 d5 3. Nxd5 Nxe4 4. Ne3 e6 5. d3 Nf6 6. Nf3 Nc6 7. b3 Bb4+ 8. Bd2 Bxd2+ 9. Qxd2 0-0 10. Qc3 Qe7 11. Be2 Nb4 12. 0-0 Nfd5 13. Nxd5 Nxd5 14. Qd2 b6 15. c4 Nf6 16. h3 Bb7 17. Qe3 Rfe8 18. Rfe1 h6 19. Nh2 Rad8 20. Bf3 c5 21. Bxb7 Qxb7 22. Rad1 Rd6 23. Qf3 Qd7 24. Re3 Rd8 25. Nf1 Rd4 26. Ng3 Qc7 27. Ne4 Nxe4 28. Rxe4 Qd7 29. Rxd4 Qxd4 30. Qe3 Qb2 31. Rd2 Qa1+ 32. Kh2 Qf6 33. Qf3 Qxf3 34. gxf3 Rd4 35. Kg3 g5 36. Kg2 Kg7 37. Kf1 Kf6 38. Kg2 Rd7 39. Kg3 Rd4 40. Kg2 Kf5 41. Kg3 f6 42. Rd1 h5 43. Rd2 e5 44. Kh2 Kf4 45. Kg2 f5 46. a3 e4 47. fxe4 fxe4 48. f3 e3 49. Rd1 e2 50. Re1 Ke3 0-1